Mystery Taylor Swift Song #144 - Statistics

General Stats
  • This quiz has been taken 216 times
  • The average score is 82 of 148
Answer Stats
Song % Correct
"I
98%
I
98%
you
93%
the
91%
so
90%
me
89%
my
88%
The Tortured Poets Department
88%
to
88%
we
88%
an
86%
And
86%
he
86%
it
86%
do
85%
Who
85%
Your
84%
Can
83%
in
82%
were"
81%
that
80%
what
79%
be
78%
but
78%
for
78%
of
78%
If
76%
say
76%
like
75%
loved
75%
or
74%
just
73%
can't
72%
said
72%
want
72%
way
71%
Sam
69%
Chloe
67%
heart
67%
some
67%
Sophia
66%
All
65%
Marcus
65%
with
65%
break
64%
know
64%
this
64%
Could
63%
As
62%
have
62%
Too
62%
you've
62%
us
61%
would
61%
from
59%
things
59%
watch
59%
Will
59%
you'll
59%
always
58%
Chloe or Sam or Sophia or Marcus
58%
cold
58%
not
58%
out
58%
apart
57%
by
57%
happen
57%
into
57%
named
57%
saw
56%
world
56%
apartment
54%
tear
54%
watched
54%
didn't
53%
never
52%
wonder
52%
wonder?
52%
drugs
51%
more
51%
needed
51%
new
51%
our
51%
couldn't
50%
somebody
50%
stumbled
50%
time
50%
wondered
50%
Hands
49%
hologram
49%
idea
49%
eye
48%
make
48%
school
48%
turned
48%
Down
47%
sorts
47%
would've
47%
unabsorb
46%
bullied
45%
darkness
45%
Back
43%
Cause
43%
fools
43%
hair
43%
bones
41%
changed
41%
lovers
41%
play
41%
seemed
41%
many
39%
sell
39%
decade
38%
internet
38%
enough
37%
goddesses
37%
maroon
37%
scarlet
37%
desertion
36%
happened
36%
kids
36%
memory
36%
moment
36%
orbit
36%
outrun
36%
rules
36%
villains
36%
starlet
35%
horses
34%
outfits
34%
watching
34%
wild
34%
plans
33%
float
32%
Cooler
31%
crashed
31%
fade
31%
glint
31%
force
30%
phantoms
30%
theory
30%
wrecks
30%
youth
30%
traced
29%
depths
28%
passage
27%
sigh
27%
impaired
24%
No matching quizzes found
Score Distribution
Percent of People with Each Score
Percentile by Number Answered
Your Score History
You have not taken this quiz